000 00292nam a2200121Ia 4500
008 220204s9999 xx 000 0 und d
082 _a769
_bWEN
100 _aMary Ann
245 0 _aCollagraph print making
260 _aNew York
_bWatson Guptill
_c1975
650 _aCollaggraph
942 _cBK
999 _c30393
_d30393